[Event "10th Chigorin Mem B"]
[Site "St Petersburg RUS"]
[Date "2002.10.29"]
[Round "5"]
[White "Lependin,A"]
[Black "Shaginjan,A"]
[Result "1-0"]
[WhiteElo "2369"]
[BlackElo "2290"]

1.Nf3 d5 2.c4 c6 3.d4 Nf6 4.Nc3 dxc4 5.a4 Bf5 6.Ne5 Na6 7.f3 Nd7 8.Nxd7 Qxd7
9.e4 Bg6 10.Bxc4 Nb4 11.Be3 e6 12.a5 Be7 13.Qb3 O-O 14.O-O b6 15.a6 b5 16.Be2 Rfd8
17.f4 Kh8 18.Bf3 Qc8 19.Rfc1 Rb8 20.Ne2 Rb6 21.Bd2 Nxa6 22.Ba5 Nb8 23.Bxb6 axb6
24.Ra7 Bf8 25.e5 b4 26.Qc4 c5 27.Qb5 Rd7 28.Rxd7 Nxd7 29.d5  1-0

[Event "Olympiad w"]
[Site "Bled SLO"]
[Date "2002.10.30"]
[Round "5"]
[White "Calotescu,C"]
[Black "Velcheva,M"]
[Result "1-0"]
[WhiteElo "2324"]
[BlackElo "2303"]

1.Nf3 d5 2.c4 e6 3.d4 c6 4.g3 Nf6 5.Bg2 Be7 6.O-O Nbd7 7.b3 b6 8.Nc3 Bb7
9.Nd2 c5 10.dxc5 bxc5 11.cxd5 exd5 12.Nc4 dxc4 13.Bxb7 Rb8 14.Bg2 cxb3 15.axb3 Qb6
16.Bf4 Rd8 17.Qc2 O-O 18.e4 Rfe8 19.Ra4 a6 20.Rfa1 Nb8 21.e5 Nfd7 22.Nd5 Qa7
23.Nxe7+ Rxe7 24.Bg5 f6 25.Bd5+ Kh8 26.Rh4 g6 27.exf6  1-0

[Event "Olympiad"]
[Site "Bled SLO"]
[Date "2002.10.31"]
[Round "6"]
[White "Peralta,F"]
[Black "Nogueiras,J"]
[Result "1/2-1/2"]
[WhiteElo "2478"]
[BlackElo "2528"]

1.Nf3 d5 2.c4 e6 3.e3 Nf6 4.Nc3 Be7 5.b3 O-O 6.Bb2 c5 7.cxd5 exd5 8.d4 Nc6
9.Be2 Bg4 10.dxc5 Bxc5 11.O-O a6 12.Rc1 Qd6 13.Na4 Ba3 14.Qc2 Rac8 15.Qb1 Bxb2
16.Qxb2 b5 17.Nc3 d4  1/2-1/2

[Event "Olympiad"]
[Site "Bled SLO"]
[Date "2002.11.01"]
[Round "7"]
[White "Gausel,E"]
[Black "Kelly,B"]
[Result "1-0"]
[WhiteElo "2511"]
[BlackElo "2451"]

1.Nf3 d5 2.c4 c6 3.Qc2 Nf6 4.e3 g6 5.b3 Bg7 6.Bb2 O-O 7.Be2 Bg4 8.h3 Bxf3
9.Bxf3 Nbd7 10.O-O e6 11.d4 a5 12.Nc3 Qb8 13.Rfd1 Rd8 14.Rac1 Nb6 15.Qe2 Rd7
16.g3 Nc8 17.Na4 Rd8 18.Bg2 Nd6 19.c5 Nf5 20.Bc3 Nd7 21.Qe1 Qc7 22.f4 Bf6
23.g4 Nh4 24.Bh1 g5 25.Qf2 Rf8 26.Rf1 h6 27.Qh2 Bg7 28.Be1 Ng6 29.f5 Qxh2+
30.Kxh2 Ne7 31.Bg3 e5 32.Rfe1 Rfe8 33.Rcd1 Kh8 34.Bf3 h5 35.Kg2 h4 36.Bf2 Rad8
37.Kf1 Nc8 38.e4 dxe4 39.Rxe4 exd4 40.Bxd4 Rxe4 41.Bxe4 Nf6 42.Bf3 Nd5 43.Bxd5 Bxd4
44.Bxf7 Kg7 45.Be6 Na7 46.Nc3 Bf6 47.Rxd8 Bxd8 48.Ne4 Be7 49.a4  1-0

[Event "10th Chigorin Mem B"]
[Site "St Petersburg RUS"]
[Date "2002.11.01"]
[Round "7"]
[White "Lependin,A"]
[Black "Nefediev,A"]
[Result "1/2-1/2"]
[WhiteElo "2369"]
[BlackElo "2261"]

1.Nf3 d5 2.c4 c6 3.d4 Nf6 4.Nc3 a6 5.a4 Bf5 6.Qb3 Ra7 7.Bf4 e6 8.e3 Nbd7
9.cxd5 exd5 10.Be2 Be7 11.h3 O-O 12.O-O Ne4 13.Nxe4 Bxe4 14.Nd2 Bg6 15.Bd3 Nf6
16.Bxg6 hxg6 17.Be5 a5 18.Rac1 Bb4 19.Bxf6 gxf6 20.Rfd1 Qe7 21.Qc2 Raa8 22.Nb3 Kg7
23.Nc5 Rae8 24.Qe2 Rh8 25.Qf3 Rh5 26.Rc2 Rf5 27.Qe2 Rh5 28.Rb1 Reh8 29.Rf1 Rh4
30.f4 Re8 31.Rf3 Rhh8 32.Rg3 Qc7 33.Qg4 Bxc5 34.Rxc5 Kf8 35.Qd1 f5 36.Qc2 Rc8
37.Rf3 Kg7 38.Qd2 b6 39.Rc3 Qd7 40.Rf1 Rhe8 41.Rfc1 Re6 42.Qc2 Qe7 43.Qb3 Qa7
44.Kf2 Qb8 45.Qa3 Rce8 46.g3 Qd8 47.b4 axb4 48.Qxb4 Re4 49.Rb1 c5 50.Qxb6 Qxb6
51.Rxb6 cxd4 52.exd4 Rxd4 53.Rb7 Rxa4 54.Rcc7 Rf8 55.Rd7 d4 56.g4 Ra2+ 57.Kf3 fxg4+
58.hxg4  1/2-1/2

[Event "Olympiad"]
[Site "Bled SLO"]
[Date "2002.11.02"]
[Round "8"]
[White "Mohr,G"]
[Black "Svetushkin,D"]
[Result "0-1"]
[WhiteElo "2488"]
[BlackElo "2505"]

1.Nf3 d5 2.c4 d4 3.g3 c5 4.Bg2 Nc6 5.O-O e5 6.d3 f6 7.e3 Bg4 8.h3 Be6 9.exd4 cxd4
10.Nbd2 Nh6 11.Ne4 Nf7 12.Bd2 Qd7 13.Kh2 Be7 14.a3 a5 15.Qa4 O-O 16.Qb5 Qc8
17.Rfe1 g5 18.b4 a4 19.c5 Kg7 20.Rac1 Qd7 21.Ng1 h5 22.f4 g4 23.h4 Bd5 24.Nf2 Be6
25.Ne2 f5 26.fxe5 Nfxe5 27.Nf4 Bf7 28.Re2 Bf6 29.Rce1 Rfe8 30.Nd1 Re7 31.Nb2 Rae8
32.Qxa4 Nf3+ 33.Bxf3 gxf3 34.Rxe7 Rxe7 35.Qd1 Ne5 36.Rxe5 Bxe5 37.Qxf3 Bxf4
38.Bxf4 Qe6 39.Qf2 Qe1 40.Qxe1 Rxe1 41.Na4 Bd5 42.g4 hxg4 43.Nb6 Bc6 44.Bd6 Rf1
45.a4 f4 46.Bxf4 Rxf4 47.b5 Be8 48.Nc4 Bf7 49.Nd6 Bd5 50.Kg3 Rf3+ 51.Kxg4 Rxd3
52.Kf4 Rf3+ 53.Ke5 d3 54.Kxd5  0-1

[Event "Olympiad"]
[Site "Bled SLO"]
[Date "2002.11.02"]
[Round "8"]
[White "Nyback,T"]
[Black "Volkmann,F"]
[Result "0-1"]
[WhiteElo "2445"]
[BlackElo "2435"]

1.Nf3 d5 2.c4 c6 3.b3 Bg4 4.e3 Nd7 5.Bb2 Ngf6 6.Be2 e6 7.d3 Bd6 8.h3 Qa5+
9.Nbd2 Bxf3 10.Bxf3 Ba3 11.Qc2 Bxb2 12.Qxb2 O-O 13.O-O e5 14.Rfc1 Rfe8 15.cxd5 cxd5
16.d4 Rad8 17.Be2 exd4 18.Qxd4 Ne5 19.Nf3 Nc6 20.Qb2 Ne4 21.Nd4 Qb6 22.Rd1 Rd6
23.Nf5 Rf6 24.Rxd5 Nxf2 25.Rb5 Qc7 26.Kxf2 a6 27.Rc5 b6 28.Rc4 Rxf5+ 29.Kg1 Rxe3
30.Bg4 Rc5 31.Qf2 Qe7 32.Rf4 h5 33.Rf1 hxg4 34.Rxf7 g3 35.Qf4 Qg5 36.Rf8+ Kh7
37.Qf7 Qd5 38.Qf4 Qd4  0-1

[Event "10th Chigorin Mem"]
[Site "St Petersburg RUS"]
[Date "2002.11.02"]
[Round "8"]
[White "Makarov,M"]
[Black "Sambuev,B"]
[Result "1-0"]
[WhiteElo "2513"]
[BlackElo "2441"]

1.Nf3 d5 2.c4 c6 3.e3 Nf6 4.Nc3 a6 5.b3 b5 6.Bb2 Bg4 7.Be2 Nbd7 8.h3 Bxf3
9.Bxf3 Ne5 10.Be2 dxc4 11.Nxb5 Nd3+ 12.Bxd3 cxd3 13.Nc3 e6 14.Qf3 Rc8 15.O-O Be7
16.Ne4 Nxe4 17.Qxe4 Qd5 18.Qg4 h5 19.Qxg7 Kd7 20.Qd4 Rhg8 21.e4 Qxd4 22.Bxd4 Rg6
23.Rac1 Rcg8 24.g3 f5 25.exf5 exf5 26.Be5 Re6 27.Rfe1 Bb4 28.Re3 Ke7 29.Bc3 Bc5
30.Bf6+ Kxf6 31.Rxe6+ Kxe6 32.Rxc5 h4 33.Kg2 hxg3 34.fxg3 f4 35.g4 Kd6 36.Rc3 Ke5
37.Rxd3 Ke4 38.Rc3 Rd8 39.Rc4+ Ke5 40.d4+ Ke4 41.d5+ Ke3 42.Rxc6 f3+ 43.Kg3 Rf8
44.Re6+  1-0

[Event "Olympiad"]
[Site "Bled SLO"]
[Date "2002.11.04"]
[Round "9"]
[White "Peralta,F"]
[Black "Miladinovic,I"]
[Result "0-1"]
[WhiteElo "2478"]
[BlackElo "2518"]

1.Nf3 d5 2.c4 d4 3.b4 g6 4.g3 Bg7 5.d3 c6 6.a4 a5 7.bxa5 Qxa5+ 8.Nbd2 Nh6
9.Bg2 O-O 10.Ba3 Re8 11.O-O Na6 12.Rb1 Qh5 13.Nb3 e5 14.Qd2 f5 15.Qg5 Qxg5
16.Nxg5 Bf6 17.Nf3 Nf7 18.Nfd2 Ra7 19.Ra1 Nd8 20.Rfb1 Be7 21.Kf1 Ne6 22.a5 Kf7
23.Bxe7 Kxe7 24.Ra3 Rd8 25.h4 Nac5 26.Nxc5 Nxc5 27.Nb3 Kd6 28.Nxc5 Kxc5 29.Rb6 Be6
30.Rab3 Rd7 31.Ra3 h6 32.f4 e4 33.Kf2 e3+ 34.Kf1 Rg7 35.Bf3 g5 36.hxg5 hxg5
37.fxg5 Rxg5 38.Kg2 f4 39.g4 Bxg4 40.Bxg4 Rxg4+ 41.Kf3 Rh4 42.Rb2 Kd6 43.Ra1 Ke5
44.Rg1 Rh3+ 45.Kg4 Rh2 46.Rf1 Ra8  0-1

[Event "Olympiad"]
[Site "Bled SLO"]
[Date "2002.11.05"]
[Round "10"]
[White "Ricardi,P"]
[Black "Rytshagov,M"]
[Result "1/2-1/2"]
[WhiteElo "2544"]
[BlackElo "2503"]

1.Nf3 d5 2.c4 dxc4 3.e3 Nf6 4.Bxc4 e6 5.d4 c5 6.O-O a6 7.dxc5 Bxc5 8.Qxd8+ Kxd8
9.Nc3 Ke7 10.Rb1 b5 11.b4 Bd6 12.Be2 Nc6 13.a3 Bb7  1/2-1/2

[Event "Olympiad"]
[Site "Bled SLO"]
[Date "2002.11.05"]
[Round "10"]
[White "Faraj,Y"]
[Black "Siban,M"]
[Result "1-0"]
[WhiteElo "2217"]
[BlackElo "2025"]

1.Nf3 d5 2.c4 Nf6 3.cxd5 Nxd5 4.e4 Nb6 5.d4 g6 6.Be3 Bg7 7.Qd2 Be6 8.d5 Bd7
9.Bd4 O-O 10.Nc3 c6 11.Rd1 Bg4 12.Bxg7 Kxg7 13.Be2 cxd5 14.exd5 N8d7 15.O-O Nf6
16.h3 Bxf3 17.Bxf3 Nc4 18.Qd4 Nd6 19.g4 Kg8 20.Rfe1 a6 21.Re2 Rc8 22.Rde1 Re8
23.Kg2 Rc4 24.Qe5 Qc7 25.Rd2 Qd8 26.Rd4 Nd7 27.Qf4 Rxd4 28.Qxd4 Qb6 29.Qd2 Kg7
30.b3 h6 31.Re3 Nf8 32.Na4 Qd8 33.Nc5 Nd7 34.Nd3 Qc7 35.Nf4 Ne4 36.Nd3 Nd6
37.Nb2 Nf6 38.Qd4 Rc8 39.h4 Nb5 40.Qb4 Ng8 41.a4 Nd6 42.Qd4+ Kh7 43.b4 Qc2
44.Be2 Qc1 45.Bd3 Rc3 46.Bxg6+ fxg6 47.Qxc3 Qxc3 48.Rxc3 Nf6 49.Rd3 Nxg4
50.Nd1 Nf5 51.Kh3 h5 52.Rc3 Nf6 53.Rc7 b5 54.Nc3 bxa4 55.Ra7 Ng4 56.Ne4 Ne5
57.d6 a3 58.dxe7 Nxe7 59.Rxe7+ Nf7 60.Rxf7+  1-0

[Event "Olympiad w"]
[Site "Bled SLO"]
[Date "2002.11.05"]
[Round "10"]
[White "Calle,M"]
[Black "Melnik,G"]
[Result "1-0"]
[WhiteElo "2091"]
[BlackElo "2144"]

1.Nf3 d5 2.c4 c6 3.b3 Bf5 4.Bb2 e6 5.g3 Nf6 6.Bg2 h6 7.O-O Nbd7 8.d3 Be7
9.Nbd2 O-O 10.Re1 Bh7 11.Qc2 Ne8 12.Rac1 Bf6 13.Qb1 Bxb2 14.Qxb2 Nef6 15.a3 Re8
16.b4 e5 17.e4 dxe4 18.dxe4 c5 19.Nh4 Qc7 20.Nf5 Nf8 21.Ne3 Ne6 22.Nd5 Qd6
23.Nb3 b6 24.Rcd1 Nd4 25.bxc5 bxc5 26.Nxd4 exd4 27.e5 Rxe5 28.Rxe5 Qxe5 29.Nxf6+  1-0

[Event "Olympiad"]
[Site "Bled SLO"]
[Date "2002.11.06"]
[Round "11"]
[White "Gausel,E"]
[Black "Kallio,H"]
[Result "1-0"]
[WhiteElo "2511"]
[BlackElo "2471"]

1.Nf3 d5 2.c4 c6 3.Qc2 Nf6 4.e3 a6 5.b3 Bg4 6.Be2 e6 7.Bb2 Bd6 8.d3 O-O 9.h3 Bh5
10.g4 Bg6 11.Nh4 Nbd7 12.Nxg6 fxg6 13.Nd2 a5 14.a3 Qe7 15.h4 Be5 16.d4 Bd6
17.c5 Bc7 18.f4 b6 19.cxb6 Bxb6 20.h5 gxh5 21.g5 Ne8 22.Bxh5 g6 23.Bxg6 hxg6
24.Qxg6+ Ng7 25.Rh7 Rfe8 26.Qh6 Kf8 27.Rh8+  1-0

[Event "Olympiad"]
[Site "Bled SLO"]
[Date "2002.11.06"]
[Round "11"]
[White "Kunte,A"]
[Black "Mitkov,N"]
[Result "1/2-1/2"]
[WhiteElo "2493"]
[BlackElo "2529"]

1.Nf3 d5 2.c4 e6 3.b3 Nf6 4.Bb2 Nbd7 5.g3 b6 6.Bg2 Bb7 7.O-O Be7 8.e3 O-O
9.Qe2 a5 10.d3 a4 11.Nbd2 Nc5 12.Ne5 Ra7 13.Bc3 Nfd7 14.Nef3 Na6 15.Nd4 Bf6
16.cxd5 exd5 17.Rac1 axb3 18.axb3 Nac5 19.b4 Ne6 20.N2b3 Nxd4 21.Bxd4 Bxd4
22.Nxd4 c5 23.Nb5 Ra6 24.Qb2 Ra4 25.bxc5 bxc5 26.Nd6 Ba6 27.Rfd1 Nf6 28.Nf5 Bc8
29.Nh4 Ra5 30.Ra1 Bg4 31.Rxa5 Qxa5 32.Ra1 Qb4 33.Qc2 Rb8 34.Rc1 c4 35.dxc4 dxc4
36.Nf3 Bxf3 37.Bxf3 Rc8 38.Qc3 Qxc3 39.Rxc3 Nd7 40.Bg4 Rc7 41.Bxd7 Rxd7 42.Rxc4 g6
43.g4 Kg7 44.Kg2 Rd5 45.Kg3 h5 46.h3 hxg4 47.hxg4 g5 48.Rd4 Ra5 49.Rd6 Ra4
50.Rd5 Kg6 51.f4 gxf4+ 52.exf4 Rb4 53.Rd6+ Kg7 54.g5 Ra4 55.Kg4 Ra1 56.Rd7 Rg1+
57.Kf5 Rg2 58.Ke4 Rg1 59.Ra7 Re1+ 60.Kf3 Rf1+ 61.Kg3 Rg1+ 62.Kf2 Rb1 63.Ra8 Rb3
64.Ke2 Rc3 65.Kd2 Rf3 66.Ra4 Kg6 67.Ke2 Rb3 68.Kf2 Rc3 69.Ra6+ Kg7 70.Rb6 Ra3
71.Rb4 Kg6 72.Rb6+ Kg7 73.Rh6 Rb3 74.Kg2 Ra3 75.f5 Ra5 76.Rf6 Ra3 77.Rh6 Ra5
78.f6+ Kg8 79.Rh5 Rc5 80.Kf3 Ra5 81.Kf4 Ra4+ 82.Ke5 Ra5+ 83.Kd6 Ra6+ 84.Kc7 Ra5
85.Kc6 Ra6+ 86.Kb5 Re6 87.Kc5 Ra6  1/2-1/2

[Event "Olympiad w"]
[Site "Bled SLO"]
[Date "2002.11.07"]
[Round "12"]
[White "Tetenkina,I"]
[Black "Lujan,C"]
[Result "1/2-1/2"]
[WhiteElo "2251"]
[BlackElo "2238"]

1.Nf3 d5 2.c4 dxc4 3.e4 c5 4.Bxc4 Nc6 5.O-O e6 6.Nc3 a6 7.a4 Bd6 8.Re1 Qc7
9.d3 Nge7 10.Be3 O-O 11.Rc1 Ng6 12.Ne2 Nce5 13.Nxe5 Bxe5 14.d4 Bxh2+ 15.Kh1 cxd4
16.Nxd4 Be5 17.Nxe6 Bxe6 18.Bxe6 Qe7 19.Bh3 Bxb2 20.Bc5 Qg5 21.Bxf8 Bxc1
22.Bxg7 Bd2 23.Bf6 Qxf6 24.Qxd2 Rd8 25.Qe3 Qf4 26.Bf5 Qxe3 27.Rxe3 Rd2 28.Kg1 Ra2
29.Rb3 Rxa4 30.Rxb7 Ra1+ 31.Kh2 a5 32.Ra7 a4 33.Bd7 a3 34.Bc6 Kf8 35.Bd5 Ne7
36.Bb3 f6 37.f3 Ke8 38.Kg3 h5 39.Be6 Kd8 40.f4 Nc6 41.Rd7+ Ke8 42.Rc7 Nd4
43.Bf7+ Kd8 44.Ra7 Ne2+ 45.Kf3 Nc3 46.e5 fxe5 47.fxe5 a2 48.Kg3 h4+ 49.Kh2 Re1
50.Bxa2 Rxe5 51.Bc4 Ne4 52.Rh7 Nf6 53.Rxh4 Rh5 54.Rxh5 Nxh5 55.g4 Nf6 56.g5 Ke7
57.Kh3 Ne4 58.g6 Kf6 59.Bf7 Ng5+ 60.Kg4  1/2-1/2

[Event "Olympiad"]
[Site "Bled SLO"]
[Date "2002.11.07"]
[Round "12"]
[White "Villamayor,B"]
[Black "Mitkov,N"]
[Result "1/2-1/2"]
[WhiteElo "2503"]
[BlackElo "2529"]

1.Nf3 d5 2.c4 d4 3.e3 Nc6 4.exd4 Nxd4 5.Nxd4 Qxd4 6.Nc3 c6 7.d3 Nh6 8.Be3 Qd8
9.d4 Nf5 10.Qd2 g6 11.Be2 Bg7 12.Rd1 O-O 13.O-O Re8 14.h3 Nxe3 15.Qxe3 Qb6
16.Rd2 Bf5 17.Rfd1 Rad8 18.Bg4 Bxg4  1/2-1/2

[Event "Olympiad"]
[Site "Bled SLO"]
[Date "2002.11.07"]
[Round "12"]
[White "Hoelzl,F"]
[Black "Santos Flores,A"]
[Result "1/2-1/2"]
[WhiteElo "2372"]
[BlackElo "2364"]

1.Nf3 d5 2.c4 c6 3.e3 Nf6 4.Nc3 a6 5.b3 Bf5 6.Bb2 h6 7.d4 b5 8.Bd3 Bxd3 9.Qxd3 e6
10.O-O Be7 11.e4 b4 12.e5 bxc3 13.exf6 Bxf6 14.Bxc3 O-O 15.Rfd1 Nd7 16.cxd5 cxd5
17.Bb4 Re8 18.Rac1 Qb6 19.Bc5 Qb5 20.a4 Qxd3 21.Rxd3 Nxc5 22.Rxc5 Reb8 23.Kf1 Rb4
24.Ke2 Rab8 25.Rcc3 Kf8 26.Ke3 Ke8 27.g3 Kd7 28.Ne1 a5 29.Nc2 R4b7 30.Na3 Be7
31.Nb5 Bb4 32.Rc1 Rc8 33.Rxc8 Kxc8 34.Rd1 Kd7 35.Rc1 Bd6 36.Kd3 Rb6 37.f4 Bb8
38.h4 Rc6 39.Rf1 Ke7 40.h5 Rc8 41.g4 g6 42.hxg6 fxg6 43.Nc3 Rf8 44.Ne2 g5
45.f5 exf5 46.gxf5 h5 47.Nc3 Rd8 48.f6+ Ke6 49.f7 Bf4 50.Ne2 Kxf7 51.Nxf4 gxf4
52.Rxf4+ Kg6 53.Rf1 h4 54.Rg1+ Kh5 55.Ke3 Rf8 56.Rg7 h3 57.Rh7+ Kg4 58.Rg7+ Kh4
59.Rh7+ Kg3 60.Rg7+ Kh2 61.Rg5 Kh1 62.Rxd5 h2 63.Rg5 Rf1 64.Rxa5 Kg2 65.Rg5+ Kh3
66.Rh5+ Kg3 67.d5 h1=Q 68.Rxh1 Rxh1 69.Ke4 Kg4 70.Ke5 Kg5 71.Ke6 Kg6 72.a5 Re1+
73.Kd7 Kf6 74.b4 Rb1 75.a6 Rxb4 76.Kc7 Ra4 77.Kb7 Ke5 78.a7 Kd4  1/2-1/2

[Event "Olympiad"]
[Site "Bled SLO"]
[Date "2002.11.07"]
[Round "12"]
[White "Faraj,Y"]
[Black "Gunajew,R"]
[Result "1/2-1/2"]
[WhiteElo "2217"]
[BlackElo "2213"]

1.Nf3 d5 2.c4 c6 3.e3 Nf6 4.d4 Bf5 5.Nc3 e6 6.Be2 Bd6 7.O-O O-O 8.b3 Nbd7
9.Bb2 dxc4 10.Bxc4 e5 11.dxe5 Nxe5 12.Be2 Qe7 13.Nh4 Bd7 14.Qc2 Nfg4 15.Nf5 Bxf5
16.Qxf5 g6 17.Qf4 Nxh2 18.Qxh2 Nf3+ 19.Bxf3 Bxh2+ 20.Kxh2 Rad8 21.Rfd1 Rxd1
22.Rxd1 Rd8 23.Kg1 Rxd1+ 24.Bxd1 Qd6 25.Bf3 Qd2 26.Nd1 a5 27.a3 c5 28.Bc3 Qc2
29.Bxa5 Qxb3 30.Bc3 b5 31.Bb2 f5 32.Kf1 g5 33.Be2 Kf7 34.Bh5+ Ke6 35.Be2 h5
36.e4 g4 37.exf5+ Kxf5 38.g3 c4 39.Ke1 Kg6 40.Kf1 Qc2 41.Ke1 Qe4 42.Kd2 Kf7
43.Bc3 Qd5+ 44.Ke1 Qh1+ 45.Kd2 Qd5+ 46.Ke1 Qh1+  1/2-1/2

[Event "Olympiad w"]
[Site "Bled SLO"]
[Date "2002.11.08"]
[Round "13"]
[White "Tetenkina,I"]
[Black "Heinatz,G"]
[Result "1/2-1/2"]
[WhiteElo "2251"]
[BlackElo "2232"]

1.Nf3 d5 2.c4 e6 3.g3 Nf6 4.Bg2 c5 5.cxd5 exd5 6.d4 Nc6 7.Nc3 Be7 8.O-O O-O
9.Bg5 c4 10.Ne5 Be6 11.Nxc6 bxc6 12.b3 Qa5 13.Na4 cxb3 14.axb3 Qb4 15.Qd3 Rab8
16.Rab1 g6 17.Bd2 Qb5 18.Qxb5 Rxb5 19.Rfc1 Rfb8 20.Bf4 Rc8 21.Nc5 Bf5 22.Ra1 a5
23.h3 h5 24.Ra4 Nd7 25.Nxd7 Bxd7 26.Bd2 Ra8 27.Rb1 Bf5 28.Rb2 Bb4 29.Bxb4 Rxb4
30.Rba2 Rxb3 31.Rxa5 Rxa5 32.Rxa5 Rb2 33.e3 Rb1+ 34.Kh2 Rb2 35.Kg1 Rb1+ 36.Kh2 Rb2
37.Kg1  1/2-1/2

[Event "Olympiad"]
[Site "Bled SLO"]
[Date "2002.11.08"]
[Round "13"]
[White "Kurajica,B"]
[Black "Hector,J"]
[Result "1-0"]
[WhiteElo "2548"]
[BlackElo "2590"]

1.Nf3 d5 2.c4 c6 3.Qc2 Nf6 4.g3 dxc4 5.Qxc4 Be6 6.Qc2 Bd5 7.Bg2 e5 8.O-O Bd6
9.Nc3 O-O 10.d3 h6 11.e4 Be6 12.d4 Nbd7 13.h3 Re8 14.Rd1 Qc7 15.Be3 exd4
16.Nxd4 Bc4 17.Nf5 Bf8 18.b3 Ba6 19.f4 g6 20.Nh4 Bc5 21.Bxc5 Nxc5 22.e5 Nh7
23.b4 Ne6 24.Ne4 Red8 25.Nd6 Nef8 26.Kh2 Qb6 27.Rab1 Rd7 28.a4 Rad8 29.Qa2 Rxd6
30.exd6 Re8 31.b5 cxb5 32.Bd5 Rd8 33.Bxf7+ Kg7 34.axb5 Bxb5 35.Bc4 a6 36.Bxb5 axb5
37.Qb2+ Nf6 38.Qxb5 Qf2+ 39.Ng2 Rd7 40.Qe5 h5 41.Rb2 Qf3 42.Rc1 Rf7 43.Re1 Nd7
44.Qd4 Kh6 45.Nh4 Qc6 46.Qd3 Rg7 47.Re7 Rg8 48.Qxg6+ Rxg6 49.Nf5+  1-0

[Event "Olympiad"]
[Site "Bled SLO"]
[Date "2002.11.08"]
[Round "13"]
[White "Nyback,T"]
[Black "Dominguez,L"]
[Result "0-1"]
[WhiteElo "2445"]
[BlackElo "2608"]

1.Nf3 d5 2.c4 c6 3.cxd5 cxd5 4.d4 Nf6 5.Nc3 Nc6 6.Bf4 Bf5 7.e3 e6 8.Qb3 Bb4
9.Bb5 O-O 10.O-O Qe7 11.a3 Bxc3 12.Qxc3 Ne4 13.Qb3 g5 14.Bg3 h5 15.Bxc6 bxc6
16.Qb4 Qxb4 17.axb4 h4 18.Bc7 Rfc8 19.Ba5 f6 20.Rfc1 Rab8 21.b3 Kf7 22.Ne1 Nd6
23.Rc3 Ke7 24.Rac1 Kd7 25.f3 Rb5 26.Kf2 Nb7 27.Ra1 Rb8 28.Ra3 Kd6 29.Ke2 Nxa5
30.bxa5 c5 31.dxc5+ Rxc5 32.Rxc5 Kxc5 33.Nd3+ Bxd3+ 34.Kxd3 Kb4 35.Ra4+ Kxb3
36.Ra1 Kb2 37.Ra4 e5 38.a6 Rb3+ 39.Kd2 Rb5 40.f4 gxf4 41.exf4 Kb3 42.Ra1 Kc4
43.fxe5 fxe5 44.Ke2 Rb2+  0-1

[Event "FSIM Nov"]
[Site "Budapest HUN"]
[Date "2002.11.11"]
[Round "10"]
[White "Schneider,At"]
[Black "Ilfeld,E"]
[Result "1-0"]
[WhiteElo "2337"]
[BlackElo "2176"]

1.Nf3 d5 2.c4 c6 3.d4 Nf6 4.Nc3 dxc4 5.e4 b5 6.e5 Nd5 7.a4 e6 8.axb5 Nxc3
9.bxc3 cxb5 10.Ng5 Bb7 11.Qh5 g6 12.Qg4 Be7 13.Be2 Nd7 14.h4 h5 15.Qg3 Nb6
16.Bf3 Bxf3 17.Qxf3 Bxg5 18.Bxg5 Qd7 19.Ra6 Qc8 20.Qf6 Kd7 21.Qxf7+ Kc6 22.Qf3+ Kc7
23.Be7 Qxa6 24.Bd6+ Kd7 25.Qf7+ Kc6 26.Qc7+ Kd5 27.Qc5+ Ke4 28.Qc6+ Kd3 29.Qf3+ Kc2
30.Qd1+ Kb2 31.O-O Qa4 32.Qb1+ Kxc3 33.Rc1+ Kxd4 34.f3  1-0

[Event "14th Open"]
[Site "Leuven BEL"]
[Date "2002.11.11"]
[Round "7"]
[White "Mohandesi,S"]
[Black "Houdart,D"]
[Result "0-1"]
[WhiteElo "2358"]
[BlackElo "2086"]

1.Nf3 d5 2.c4 d4 3.b4 c5 4.Bb2 Nc6 5.b5 Nb8 6.e3 Bg4 7.exd4 cxd4 8.h3 Bh5
9.g4 Bg6 10.Bxd4 Nf6 11.Nc3 e6 12.Be2 Nbd7 13.g5 Nh5 14.Be3 Qc7 15.h4 Nf4
16.Bxf4 Qxf4 17.h5 Bf5 18.Rh4 Qc7 19.Nd4 Qe5 20.Nxf5 Qxf5 21.f4 Bd6 22.Qb1 Qc5
23.Kf1 Bc7 24.Rg4 Bb6 25.Nd1 f5 26.Rg2 Qd4 27.Nf2 Qxf4 28.Qd3 Bd4 29.Rd1 Nc5
30.Qg3 Qxg3 31.Rxg3 Bxf2 32.Kxf2 Ne4+ 33.Kg2 Nxg3 34.Kxg3 e5 35.d4 e4 36.Kf4 Rf8
37.c5 Kd7 38.Rg1 Rae8 39.g6 h6 40.Rg3 e3 41.Rxe3 Rxe3 42.Kxe3 Re8+ 43.Kf3 Re4
44.d5 Rd4 45.c6+ bxc6 46.dxc6+ Kc7 47.Ke3 Re4+ 48.Kf3 Ra4 49.Bd1 Rxa2 50.Kf4 Rd2
51.Bb3 Rb2  0-1

[Event "WYb16"]
[Site "Heraklio GRE"]
[Date "2002.11.16"]
[Round "2"]
[White "Choma,E"]
[Black "Kharitonov,Alexa"]
[Result "1/2-1/2"]
[WhiteElo "2227"]
[BlackElo "2437"]

1.Nf3 d5 2.c4 dxc4 3.Na3 c5 4.Nxc4 Nc6 5.g3 f6 6.Bg2 e5 7.d3 Be6 8.Ne3 Nge7
9.O-O Qd7 10.Re1 Nd5 11.Nxd5 Bxd5 12.Bd2 Be7 13.Bc3 O-O 14.Nd2 Bxg2 15.Kxg2 Rfd8
16.a3 Rac8 17.Rb1 Kf8 18.Qa4 a6 19.Qe4 Kg8 20.b4 b5 21.Rec1 cxb4 22.axb4 Nd4
23.Nf3 Nxf3 24.Qxf3 Qd5 25.Qxd5+ Rxd5 26.Be1 Rdd8 27.Ra1 Rxc1 28.Rxc1 Kf7
29.Kf3 Ke6 30.Rc6+ Rd6 31.Rxd6+ Bxd6 32.e4 g6 33.Ke2 Kd7 34.Kd1 Bc7 35.Kc2 Bb6
36.Kd2 Kc6 37.Kc2 Kb7 38.Kb3 Bd4 39.Kc2 Ba7 40.Kb3 Bb8 41.Kc2 Bc7 42.Kb3 h5
43.h3 Bb6 44.Kc2 Bd4 45.Kb3 f5 46.Kc2 Kc6 47.Kb3 Kd6 48.Kc2 Ke6 49.Kd1 Kf6
50.Ke2 Bb2 51.Bd2 Bd4 52.Be1 g5 53.f3 g4 54.fxg4 fxg4 55.hxg4 hxg4 56.Kd1 Ke6
57.Kc2 Kd6 58.Kb3 Kc6 59.Bc3 Bxc3 60.Kxc3 Kb6 61.d4 exd4+ 62.Kxd4 a5 63.bxa5+ Kxa5
64.e5 Kb6 65.e6 Kc7 66.Kc5 b4 67.Kxb4 Kd6 68.Kc4 Kxe6 69.Kd4 Kf6 70.Ke4 Kg6
71.Kf4 Kf6 72.Kxg4 Kg6  1/2-1/2

[Event "Tch-SWE 2002-3"]
[Site "Sweden SWE"]
[Date "2002.11.16"]
[Round "4"]
[White "Eklund,LG"]
[Black "Grahn,L"]
[Result "1-0"]
[WhiteElo "2275"]
[BlackElo "2100"]

1.Nf3 d5 2.c4 dxc4 3.e4 c5 4.Bxc4 Nc6 5.b4 Nxb4 6.Ne5 Qd4 7.Bb5+ Kd8 8.Nxf7+ Kc7
9.Nc3 Nf6 10.Nxh8 Ng4 11.O-O Qe5 12.g3 Qh5 13.h4 g5 14.Qf3 Be6 15.Bb2 Rd8
16.a3 Nc6 17.Nd5+ Kc8 18.Rfc1 Bd7 19.Nf7 Re8 20.Nxg5 e5 21.Qf7 Qh6 22.f3 Nf6
23.Qxf6  1-0

[Event "It"]
[Site "Torino ITA"]
[Date "2002.11.18"]
[Round "3"]
[White "Mukic,J"]
[Black "Etchegaray,P"]
[Result "1-0"]
[WhiteElo "2365"]
[BlackElo "2347"]

1.Nf3 d5 2.c4 c6 3.b3 Bg4 4.Ne5 Bh5 5.g4 Bg6 6.Bb2 e6 7.Bg2 Nd7 8.Nxg6 hxg6
9.d3 Ngf6 10.h3 Qc7 11.g5 Nh5 12.e3 dxc4 13.bxc4 Qa5+ 14.Kf1 Qxg5 15.Nc3 Qa5
16.Qb3 Nb6 17.Ne4 Qa4 18.Bd4 Qxb3 19.axb3 Nc8 20.Ke2 Be7 21.b4 Bxb4 22.Rhb1 Be7
23.Rxb7 O-O 24.Ra6 f5 25.Nd2 Bf6 26.Bxf6 Nxf6 27.Bxc6 Nd6 28.Re7 Rad8 29.Rxe6 Rf7
30.Nf3 Rc7 31.Ne5 g5 32.c5 Nf7 33.d4 Rb8 34.Nxf7 Kxf7 35.Re5 Rb2+ 36.Kf1 g4
37.hxg4 fxg4 38.Kg2 Rc2 39.Bd5+ Kf8 40.Be4 Rc1 41.Bg6 Rb7 42.c6 Rb8 43.d5 g3
44.Ra2 a5 45.fxg3 a4 46.Rf2 Rc5 47.d6 Rxc6 48.d7 Kg8 49.Re8+ Nxe8 50.dxe8=Q+ Rxe8
51.Bxe8 Ra6 52.Bf7+ Kh7 53.g4 a3 54.Bd5  1-0

[Event "WYb18"]
[Site "Heraklio GRE"]
[Date "2002.11.19"]
[Round "6"]
[White "Cornette,M"]
[Black "Arutunian,D"]
[Result "1-0"]
[WhiteElo "2355"]
[BlackElo "2449"]

1.Nf3 d5 2.c4 c6 3.e3 Nf6 4.Qc2 e6 5.b3 Bd6 6.Bb2 Nbd7 7.Nc3 O-O 8.Be2 dxc4
9.bxc4 e5 10.g4 Nxg4 11.Ne4 Bc7 12.Rg1 f5 13.Neg5 Qe7 14.Rxg4 h6 15.c5 Nf6
16.Bc4+ Nd5 17.e4 fxe4 18.Qxe4 Bf5 19.Bxd5+ Kh8 20.Nxe5 Bxe5 21.Qxe5 Qxe5+
22.Bxe5 Rae8 23.d4 cxd5 24.Rh4 Kg8 25.Nh3 Rf6 26.O-O-O Ra6 27.Rg1 Re7 28.Kb2 Ra4
29.Rh5  1-0

[Event "74th ch-GER"]
[Site "Saarbruecken GER"]
[Date "2002.11.23"]
[Round "2"]
[White "Gisbrecht,E"]
[Black "Bischoff,K"]
[Result "1/2-1/2"]
[WhiteElo "2414"]
[BlackElo "2554"]

1.Nf3 d5 2.c4 d4 3.b4 g6 4.d3 Bg7 5.g3 e5 6.Nbd2 Ne7 7.Bg2 O-O 8.O-O c6 9.Rb1 h6
10.Nb3 Na6 11.Bd2 Nc7 12.a4 Ne6 13.Bc1 Qc7 14.e3 dxe3 15.Bxe3 Nf5 16.Bc1 Bd7
17.Re1  1/2-1/2

[Event "WYb18"]
[Site "Heraklio GRE"]
[Date "2002.11.24"]
[Round "11"]
[White "Cornette,M"]
[Black "Schneider,Dm"]
[Result "0-1"]
[WhiteElo "2355"]
[BlackElo "2401"]

1.Nf3 d5 2.c4 e6 3.e3 c5 4.d4 Nc6 5.cxd5 exd5 6.Bb5 cxd4 7.Nxd4 Bd7 8.O-O Nf6
9.Nc3 Bd6 10.Qf3 Bg4  0-1

[Event "74th ch-GER"]
[Site "Saarbruecken GER"]
[Date "2002.11.25"]
[Round "4"]
[White "Becking,S"]
[Black "Bischof,D"]
[Result "1/2-1/2"]
[WhiteElo "2315"]
[BlackElo "2268"]

1.Nf3 d5 2.c4 e6 3.g3 Nf6 4.Bg2 Be7 5.O-O O-O 6.b3 c5 7.e3 Nc6 8.d4 cxd4
9.exd4 Ne4 10.Be3 Bf6 11.a3 b6 12.Nfd2 Nxd2 13.Qxd2 Na5 14.Qb2 Ba6 15.Rd1 dxc4
16.Bxa8 Qxa8 17.bxc4 Bxc4 18.Nd2 Bd5 19.Qb5 Nc6 20.Qd3 Ne7 21.Qf1 Nf5 22.Nc4 Bf3
23.Rd3 Be4 24.Rdd1 Bf3 25.Rd3 Be4 26.Rdd1 Rd8 27.Ne5 Nxd4 28.Bxd4 Rxd4 29.Rxd4 Bxe5
30.Rxe4 Qxe4 31.Re1 Qd5 32.Qa6 g6 33.Qxa7 Bd4 34.Qb8+ Kg7 35.Qf4 e5 36.Qd2 Qc5
37.Qa2 Qc3 38.Re2 Qf3 39.a4 h5 40.Qc2 h4 41.Qe4 Bxf2+ 42.Kf1 Qxe4 43.Rxe4 hxg3
44.hxg3 Bd4 45.Re1 f5 46.Ke2 Kf6 47.Rc1 Kg5 48.Rc6 Kh5 49.Rf6 Kg5 50.Rc6 Kh5
51.Rf6 Kh6 52.Rc6 Kg5 53.Rd6 Bc5 54.Rc6 Bd4 55.Rd6 Bg1 56.Kf1 Be3 57.Ke2 Bc5
58.Rc6 Bd4 59.Rd6 Bg1 60.Kf1 Be3  1/2-1/2

[Event "Hotel Opatija GM Nov"]
[Site "Rijeka CRO"]
[Date "2002.11.26"]
[Round "5"]
[White "Plachetka,J"]
[Black "Rogic,D"]
[Result "1-0"]
[WhiteElo "2444"]
[BlackElo "2496"]

1.Nf3 d5 2.c4 c6 3.d4 Nf6 4.Nc3 dxc4 5.a4 Bf5 6.e3 e6 7.Bxc4 Bb4 8.O-O O-O
9.Qe2 Bg6 10.Ne5 Nbd7 11.Nxg6 hxg6 12.Rd1 Qa5 13.Qc2 Rac8 14.Na2 Bd6 15.e4 e5
16.b4 Qc7 17.f4 exd4 18.e5 Nxe5 19.fxe5 Bxe5 20.Qxg6 Bxh2+ 21.Kh1 b5 22.axb5 cxb5
23.Bb3 Qe5 24.Rf1 Ne4 25.Bxf7+ Kh8 26.Rf3 Bg3 27.Bf4 Nf2+ 28.Rxf2 Bxf4 29.Raf1 Bh6
30.Rf3 Rcd8 31.Nc1  1-0